000 01189cam a22002894a 4500
001 12082127
003 NUST - PNEC
005 20170116180749.0
008 000627s2001 flua bf 001 0 eng
010 _a 00057894
020 _a0849335094 (alk. paper)
040 _cLIBRARY
042 _apcc
050 0 0 _aTA1683
_b.W44 2001
082 0 0 _a621.366 WEB
_221
100 1 _aWeber, Marvin J.,
_d1932-
245 1 0 _aHandbook of lasers /
_cMarvin J. Weber.
260 _aBoca Raton :
_bCRC Press,
_cc2001.
300 _a1198 p. :
_bill. ;
_c26 cm.
440 4 _aThe CRC Press laser and optical science and technology series
504 _aIncludes bibliographical references and index.
650 0 _aLasers
_vHandbooks, manuals, etc.
_xMIS
856 _uhttp://www.amazon.com/Handbook-Lasers-Optical-Science-Technology/dp/0849335094/ref=sr_1_1?s=books&ie=UTF8&qid=1425281703&sr=1-1&keywords=0849335094
906 _a7
_bcbc
_corignew
_d1
_eocip
_f20
_gy-gencatlg
942 _2ddc
_cBK
999 _c62463
_d62463